Los avances en la tecnología informática (Registro nro. 9034)
[ vista simple ]
| 000 -LEADER | |
|---|---|
| fixed length control field | 00540 a2200181 4500 |
| 001 - CONTROL NUMBER | |
| control field | ART_7111 |
| 005 - DATE AND TIME OF LATEST TRANSACTION | |
| control field | 20260410161554.0 |
| 008 - FIXED-LENGTH DATA ELEMENTS--GENERAL INFORMATION | |
| fixed length control field | 260409a |
| 100 1# - MAIN ENTRY--PERSONAL NAME | |
| Personal name | Mileti, Mabel |
| 245 10 - TITLE STATEMENT | |
| Title | Los avances en la tecnología informática |
| 700 1# - ADDED ENTRY--PERSONAL NAME | |
| Personal name | Díaz, Daniel |
| 700 1# - ADDED ENTRY--PERSONAL NAME | |
| Personal name | Gastaldi, Jorgelina |
| 700 1# - ADDED ENTRY--PERSONAL NAME | |
| Personal name | Ingrassia, Ramiro |
| 700 1# - ADDED ENTRY--PERSONAL NAME | |
| Personal name | Marchese, Alicia G. |
| 700 1# - ADDED ENTRY--PERSONAL NAME | |
| Personal name | Marcolini, Silvana Beatríz |
| 700 1# - ADDED ENTRY--PERSONAL NAME | |
| Personal name | Verón, Carmen S. |
| 773 0# - HOST ITEM ENTRY | |
| Title | Profesional & Empresaria |
| Related parts | - Año VIII, Nº 89 (feb. 2007) |
| Record control number | REV70 |
No hay ítems disponibles.